<?xml version="1.0" encoding="UTF-8"?>
<record
    xmlns:xsi="http://www.w3.org/2001/XMLSchema-instance"
    xsi:schemaLocation="http://www.loc.gov/MARC21/slim http://www.loc.gov/standards/marcxml/schema/MARC21slim.xsd"
    xmlns="http://www.loc.gov/MARC21/slim">

  <leader>01582nam a22003377i 4500</leader>
  <controlfield tag="003">OSt</controlfield>
  <controlfield tag="005">20251209173611.0</controlfield>
  <controlfield tag="008">251209e2022    cr|oa||gr|||| 101 0 spa d</controlfield>
  <datafield tag="020" ind1=" " ind2=" ">
    <subfield code="a">9789968090025</subfield>
  </datafield>
  <datafield tag="040" ind1=" " ind2=" ">
    <subfield code="b">spa</subfield>
    <subfield code="c">LADOV</subfield>
  </datafield>
  <datafield tag="041" ind1="0" ind2=" ">
    <subfield code="a">spa</subfield>
  </datafield>
  <datafield tag="082" ind1="0" ind2="4">
    <subfield code="a">700.74</subfield>
    <subfield code="b">S563d</subfield>
  </datafield>
  <datafield tag="100" ind1="1" ind2=" ">
    <subfield code="a">Sibaja Hidalgo, Antonieta</subfield>
    <subfield code="d">1981-</subfield>
    <subfield code="e">autora</subfield>
    <subfield code="e">compiladora</subfield>
    <subfield code="e">editora</subfield>
  </datafield>
  <datafield tag="245" ind1="1" ind2="0">
    <subfield code="a">Documentar, recordar, accionar / </subfield>
    <subfield code="c">coordinaci&#xF3;n editorial y edici&#xF3;n Jos&#xE9; Daniel Picado-Garc&#xED;a y Antonieta Sibaja Hidalgo ; recopilaci&#xF3;n de textos Antonieta Sibaja Higaldo ; autor&#xED;a de los textos Antonieta Sibaja Hidalgo, Jos&#xE9; Picado Garc&#xED;a, Fernando Chaves Espinach, Osvaldo L&#xF3;pez, M. Paola Malavasi L. [y otros nueve].</subfield>
  </datafield>
  <datafield tag="250" ind1=" " ind2=" ">
    <subfield code="a">Primera edici&#xF3;n</subfield>
  </datafield>
  <datafield tag="260" ind1=" " ind2=" ">
    <subfield code="a">San Jos&#xE9;, Costa Rica : </subfield>
    <subfield code="b">Museo de Arte y Dise&#xF1;o Contempor&#xE1;neo,</subfield>
    <subfield code="c">2022.</subfield>
  </datafield>
  <datafield tag="300" ind1=" " ind2=" ">
    <subfield code="a">100 p&#xE1;ginas : </subfield>
    <subfield code="b">fotograf&#xED;as a color.</subfield>
  </datafield>
  <datafield tag="500" ind1=" " ind2=" ">
    <subfield code="a">El simposio Documentar. Recordar. Accionar se llev&#xF3; a cabo el 22 y 23 de septiembre 2022, en la sala 3 del MACD, Costa Rica.</subfield>
  </datafield>
  <datafield tag="650" ind1="0" ind2="4">
    <subfield code="a">Artes</subfield>
  </datafield>
  <datafield tag="650" ind1="0" ind2="4">
    <subfield code="a">Dise&#xF1;o</subfield>
  </datafield>
  <datafield tag="650" ind1="0" ind2="4">
    <subfield code="a">Arte</subfield>
    <subfield code="v">conferencias</subfield>
  </datafield>
  <datafield tag="650" ind1="0" ind2="4">
    <subfield code="a">Colecciones de museo</subfield>
  </datafield>
  <datafield tag="650" ind1="0" ind2="4">
    <subfield code="a">Arte contempor&#xE1;neo</subfield>
  </datafield>
  <datafield tag="650" ind1="0" ind2="4">
    <subfield code="a">Arte</subfield>
    <subfield code="v">investigaci&#xF3;n</subfield>
  </datafield>
  <datafield tag="700" ind1="1" ind2=" ">
    <subfield code="a">Picado Garc&#xED;a, Jos&#xE9; Daniel</subfield>
    <subfield code="e">autor</subfield>
    <subfield code="e">editor</subfield>
  </datafield>
  <datafield tag="700" ind1="1" ind2=" ">
    <subfield code="a">Chaves Espinach, Fernando</subfield>
    <subfield code="e">autor</subfield>
  </datafield>
  <datafield tag="700" ind1="1" ind2=" ">
    <subfield code="a">L&#xF3;pez, Osvaldo</subfield>
    <subfield code="d">1968- </subfield>
    <subfield code="e">autor</subfield>
  </datafield>
  <datafield tag="700" ind1="1" ind2=" ">
    <subfield code="a">Malavasi Lachner, Mar&#xED;a Paola</subfield>
    <subfield code="d">1987-</subfield>
    <subfield code="e">autora</subfield>
  </datafield>
  <datafield tag="711" ind1="2" ind2=" ">
    <subfield code="a">Simposio Documentar. Recordar. Accionar (2022 septiembre 22-23 : San Jos&#xE9;, Costa Rica)</subfield>
  </datafield>
  <datafield tag="942" ind1=" " ind2=" ">
    <subfield code="2">ddc</subfield>
    <subfield code="c">1</subfield>
    <subfield code="h">700.74</subfield>
    <subfield code="i">S563d</subfield>
    <subfield code="n">0</subfield>
  </datafield>
  <datafield tag="999" ind1=" " ind2=" ">
    <subfield code="c">4590</subfield>
    <subfield code="d">4590</subfield>
  </datafield>
  <datafield tag="952" ind1=" " ind2=" ">
    <subfield code="0">0</subfield>
    <subfield code="1">0</subfield>
    <subfield code="2">ddc</subfield>
    <subfield code="4">0</subfield>
    <subfield code="7">0</subfield>
    <subfield code="8">Libros</subfield>
    <subfield code="a">LV</subfield>
    <subfield code="b">LV</subfield>
    <subfield code="d">2025-12-09</subfield>
    <subfield code="l">0</subfield>
    <subfield code="o">700.74 S563d</subfield>
    <subfield code="p">005265</subfield>
    <subfield code="r">2025-12-09 00:00:00</subfield>
    <subfield code="w">2025-12-09</subfield>
    <subfield code="y">1</subfield>
  </datafield>
</record>
